[Event "AUS-ch Major"]
[Site "Cammeray"]
[Date "2018.01.10"]
[Round "9"]
[White "Renzies, Elliott"]
[Black "Laurie, Robert"]
[Result "1/2-1/2"]
[WhiteElo "1424"]
[BlackElo "1592"]
[PlyCount "55"]
[EventDate "2018.01.02"]
[EventType "swiss"]
[EventRounds "11"]
[EventCountry "AUS"]
[SourceTitle "CBM 182 Extra"]
[Source "ChessBase"]
[SourceDate "2018.02.23"]
[SourceVersion "1"]
[SourceVersionDate "2018.02.23"]
[SourceQuality "1"]

1. e4 d5 2. e5 c5 3. d4 cxd4 4. Qxd4 Nc6 5. Bb5 e6 6. Nf3 Bd7 7. Bxc6 Bxc6 8. 0-0 Ne7 9. g4 Ng6 10. Ng5 Qc7 11. Re1 b6 12. b4 h6 13. Nf3 Be7 14. Qc3 Qb7 15. Nd4 Rc8 16. a3 0-0 17. f4 Nh4 18. Qg3 Ng6 19. f5 Bh4 20. Qe3 Bd7 21. Rf1 Bg5 22. Qh3 Nxe5 23. Bxg5 hxg5 24. f6 gxf6 25. Rxf6 Ng6 26. Qh6 Qc7 27. Rxg6+ fxg6 28. Qxg6+ 1/2-1/2

[Event "AUS-ch Major"]
[Site "Cammeray"]
[Date "2018.01.08"]
[Round "7"]
[White "Cunningham, Campbell"]
[Black "Laurie, Robert"]
[Result "0-1"]
[WhiteElo "1430"]
[BlackElo "1592"]
[PlyCount "114"]
[EventDate "2018.01.02"]
[EventType "swiss"]
[EventRounds "11"]
[EventCountry "AUS"]
[SourceTitle "CBM 182 Extra"]
[Source "ChessBase"]
[SourceDate "2018.02.23"]
[SourceVersion "1"]
[SourceVersionDate "2018.02.23"]
[SourceQuality "1"]

1. e4 c6 2. d4 d5 3. Nc3 dxe4 4. Nxe4 Bf5 5. Ng3 Bg6 6. h4 h6 7. h5 Bh7 8. Nf3 e6 9. Bd3 Nf6 10. Bxh7 Nxh7 11. Qd3 Be7 12. Bf4 Nd7 13. 0-0-0 Nhf6 14. Ne4 Nd5 15. Bd6 N7f6 16. Bxe7 Qxe7 17. Nxf6+ Nxf6 18. Kb1 0-0 19. Ne5 a5 20. f4 Nd5 21. Qf3 Rad8 22. g4 Qf6 23. Rhf1 Qe7 24. Rd2 Kh7 25. Qe4+ f5 26. Qd3 Qc7 27. Rg2 Nb4 28. Qe3 Nd5 29. Qg1 fxg4 30. Rxg4 Nf6 31. Rh4 Qd6 32. c3 Qd5 33. Re1 b5 34. Qg6+ Kg8 35. Rh3 Ra8 36. Qd3 Nh7 37. Ng6 Rf7 38. Re5 Qd6 39. Rhe3 Rf6 40. Qe4 Re8 41. Rc5 Rc8 42. Ne5 Nf8 43. Rf3 Rf5 44. Rh3 a4 45. Rxc6 Rxc6 46. Qxc6 Qxc6 47. Nxc6 Rxf4 48. Rh2 Kf7 49. Kc2 Kf6 50. Rg2 Rf5 51. Rg6+ Kf7 52. Ne5+ Kg8 53. Ng4 Nxg6 54. hxg6 h5 55. Ne5 h4 56. Kd2 h3 57. Ng4 Rg5 0-1

[Event "AUS-ch Minor"]
[Site "Cammeray"]
[Date "2013.01.11"]
[Round "9"]
[White "Robinson, Andrew"]
[Black "Laurie, Robert"]
[Result "0-1"]
[WhiteElo "1331"]
[BlackElo "1436"]
[PlyCount "64"]
[EventDate "2013.01.02"]
[EventType "swiss"]
[EventRounds "11"]
[EventCountry "AUS"]
[SourceTitle "EXT 2022"]
[Source "ChessBase"]
[SourceDate "2021.10.06"]
[SourceVersion "1"]
[SourceVersionDate "2021.10.06"]
[SourceQuality "1"]

1. g4 d5 2. Bg2 c6 3. g5 g6 4. d4 Bg7 5. Nf3 Bf5 6. Nbd2 Nd7 7. c4 dxc4 8. Nxc4 Nb6 9. Nce5 Qc7 10. Bf4 Nd5 11. Qb3 Be6 12. Bg3 Qa5+ 13. Kf1 Nb6 14. Qc2 Rd8 15. Nd2 Rxd4 16. Nb3 Bxb3 17. Qxb3 Bxe5 18. Bxe5 Qxe5 19. Qc3 Nd5 20. Qh3 e6 21. Rc1 Nge7 22. Bxd5 Qxd5 23. Rg1 Rd1+ 24. Rxd1 Qxd1+ 25. Kg2 Qd5+ 26. Kf1 0-0 27. Rg4 Rd8 28. Kg1 Nf5 29. e4 Qd1+ 30. Kg2 Rd3 31. Rg3 Nxg3 32. hxg3 Qh5 0-1

[Event "AUS-ch Minor"]
[Site "Cammeray"]
[Date "2013.01.04"]
[Round "3"]
[White "Accola, Tom"]
[Black "Laurie, Robert"]
[Result "0-1"]
[WhiteElo "1009"]
[BlackElo "1436"]
[PlyCount "90"]
[EventDate "2013.01.02"]
[EventType "swiss"]
[EventRounds "11"]
[EventCountry "AUS"]
[SourceTitle "EXT 2022"]
[Source "ChessBase"]
[SourceDate "2021.10.06"]
[SourceVersion "1"]
[SourceVersionDate "2021.10.06"]
[SourceQuality "1"]

1. d4 Nf6 2. Nf3 d6 3. e3 Bf5 4. c4 Nbd7 5. Nc3 e5 6. Bd3 Bxd3 7. Qxd3 Be7 8. 0-0 0-0 9. Re1 a6 10. b3 h6 11. Bb2 c6 12. Rac1 b5 13. a4 b4 14. Ne2 e4 15. Qd2 exf3 16. gxf3 a5 17. Ng3 Nh7 18. Nf5 Ng5 19. Kh1 Nxf3 20. Qe2 Nxe1 21. Qg4 Bg5 22. Rxe1 Nf6 23. Qg2 Qd7 24. Qh3 d5 25. f4 Bxf4 26. exf4 Kh7 27. Rg1 Rg8 28. Rg3 Qe6 29. Rg1 Qe4+ 30. Rg2 Qxf4 31. Rg1 Ne4 32. Bc1 Nf2+ 33. Kg2 Nxh3 34. Bxf4 Nxf4+ 35. Kh1 Rae8 36. cxd5 Nxd5 37. Nd6 Re2 38. Rc1 Nc3 39. Rf1 Rf8 40. Nc4 Ra8 41. Nb6 Ra6 42. Nc8 Rd2 43. Re1 Rxd4 44. Ne7 g6 45. Rg1 Rd1 0-1

[Event "AUS-ch Minor"]
[Site "Cammeray"]
[Date "2011.01.11"]
[Round "9"]
[White "Farrell, Keith"]
[Black "Laurie, Robert"]
[Result "1-0"]
[WhiteElo "1188"]
[BlackElo "1319"]
[PlyCount "63"]
[EventDate "2011.01.02"]
[EventType "swiss"]
[EventRounds "11"]
[EventCountry "AUS"]
[SourceTitle "EXT 2012"]
[Source "ChessBase"]
[SourceDate "2011.11.24"]
[SourceVersion "1"]
[SourceVersionDate "2011.11.24"]
[SourceQuality "1"]

1. e4 e6 2. d4 d5 3. e5 Be7 4. Nf3 b6 5. Be2 Ba6 6. Nc3 Bxe2 7. Qxe2 c5 8. 0-0 Nc6 9. Qb5 Qc7 10. dxc5 Bxc5 11. Bf4 Nge7 12. a3 Ng6 13. Bg3 0-0 14. Rfe1 a6 15. Qd3 b5 16. Nxd5 Qa7 17. Nc3 Rfd8 18. Qe4 Nd4 19. Rad1 Nf5 20. Qg4 Nxg3 21. Qxg3 Bb6 22. Ne4 Qe7 23. h4 h6 24. h5 Nf8 25. Nf6+ Kh8 26. Ne4 Nh7 27. Nd6 Bc7 28. Rd3 Rd7 29. Red1 f6 30. Nf7+ Qxf7 31. Rxd7 Bxe5 32. Nxe5 1-0

[Event "AUS-ch Minor"]
[Site "Cammeray"]
[Date "2011.01.07"]
[Round "6"]
[White "Laurie, Robert"]
[Black "Harris, Bruce"]
[Result "0-1"]
[WhiteElo "1319"]
[BlackElo "1443"]
[PlyCount "94"]
[EventDate "2011.01.02"]
[EventType "swiss"]
[EventRounds "11"]
[EventCountry "AUS"]
[SourceTitle "EXT 2012"]
[Source "ChessBase"]
[SourceDate "2011.11.24"]
[SourceVersion "1"]
[SourceVersionDate "2011.11.24"]
[SourceQuality "1"]

1. Nf3 Nc6 2. g3 e5 3. Bg2 Nf6 4. 0-0 Bc5 5. d3 d6 6. Nbd2 Bg4 7. h3 Be6 8. Ng5 Bd7 9. Nde4 Nxe4 10. Nxe4 Bb6 11. c3 Qe7 12. b4 h6 13. a4 a6 14. Ba3 f5 15. Nd2 Qg5 16. Nf3 Qxg3 17. e3 Qg6 18. Kh2 Qf6 19. Qe2 g5 20. Ng1 h5 21. f4 gxf4 22. exf4 Bxg1+ 23. Rxg1 0-0-0 24. b5 Nb8 25. c4 h4 26. Bb2 Rde8 27. Qf2 Qh6 28. Rab1 Rh7 29. Bc1 e4 30. dxe4 fxe4 31. bxa6 Nxa6 32. f5 Qf6 33. Qa7 Bc6 34. Qa8+ Kd7 35. Qa7 Nc5 36. Bf4 Qxf5 37. Rgf1 Qg6 38. Qa5 Rg7 39. Rg1 Qf6 40. Qd2 Rge7 41. Rbe1 Qf5 42. Re3 Qxf4+ 43. Kh1 Nd3 44. Rf1 Qe5 45. Qxd3 exd3 46. Rxe5 Bxg2+ 47. Kxg2 dxe5 0-1

[Event "AUS-ch Minor"]
[Site "Cammeray"]
[Date "2011.01.06"]
[Round "5"]
[White "Laurie, Robert"]
[Black "Shi, Eric"]
[Result "0-1"]
[WhiteElo "1319"]
[BlackElo "941"]
[PlyCount "76"]
[EventDate "2011.01.02"]
[EventType "swiss"]
[EventRounds "11"]
[EventCountry "AUS"]
[SourceTitle "EXT 2012"]
[Source "ChessBase"]
[SourceDate "2011.11.24"]
[SourceVersion "1"]
[SourceVersionDate "2011.11.24"]
[SourceQuality "1"]

1. Nf3 Nf6 2. d3 Nc6 3. g3 d5 4. Bg2 Bf5 5. 0-0 Qd7 6. Nbd2 0-0-0 7. c3 e5 8. Qb3 h5 9. h4 e4 10. dxe4 Nxe4 11. Nxe4 Bxe4 12. Be3 Bd6 13. Rfd1 Rhe8 14. Ng5 Bxg2 15. Kxg2 Rxe3 16. fxe3 Qg4 17. Qxd5 Qxe2+ 18. Kh1 Qxe3 19. Qf5+ Kb8 20. Qf3 Qxf3+ 21. Nxf3 Bxg3 22. Rxd8+ Nxd8 23. Rg1 Bf4 24. Rxg7 c6 25. Rh7 Bc1 26. b3 Ne6 27. Rxh5 Nf4 28. Rf5 Ne2 29. c4 Ng3+ 30. Kg2 Nxf5 31. Kh3 Nh6 32. h5 Kc7 33. Kg3 Kb6 34. Ne1 Bg5 35. Nd3 Kc7 36. Kf3 Kd6 37. Ke4 b6 38. Ne5 f5+ 0-1

[Event "AUS-ch Minor"]
[Site "Cammeray"]
[Date "2010.01.13"]
[Round "11"]
[White "Laurie, Robert"]
[Black "Gray, Garvin"]
[Result "0-1"]
[WhiteElo "1335"]
[BlackElo "1230"]
[PlyCount "110"]
[EventDate "2010.01.02"]
[EventType "swiss"]
[EventRounds "11"]
[EventCountry "AUS"]
[SourceTitle "EXT 2011"]
[Source "ChessBase"]
[SourceDate "2010.11.26"]
[SourceVersion "1"]
[SourceVersionDate "2010.11.26"]
[SourceQuality "1"]

1. Nf3 c5 2. d3 d5 3. g3 Nc6 4. Bg2 e5 5. 0-0 f5 6. e4 Nf6 7. exd5 Nxd5 8. Re1 Bd6 9. Nh4 Nf6 10. Bg5 0-0 11. Nc3 Qc7 12. Bxf6 gxf6 13. Qh5 Qf7 14. Bd5 Be6 15. Bxe6 Qxe6 16. Nxf5 Kh8 17. Ne4 Be7 18. Nh6 Nd4 19. Rac1 f5 20. c3 Nf3+ 21. Qxf3 fxe4 22. Qh5 Rf6 23. Ng4 Rf5 24. Qh3 Rg5 25. Rxe4 Rag8 26. f3 Qxa2 27. Qg2 h5 28. Nxe5 R5g7 29. Rce1 h4 30. g4 Qa6 31. Nc4 Bd8 32. Re6 b6 33. Rh6+ Rh7 34. Rxh7+ Kxh7 35. h3 Bc7 36. Qe2 Bg3 37. Qe4+ Kh8 38. Re2 Qa4 39. Kg2 Qd7 40. Nd2 Bb8 41. f4 Rf8 42. Kf3 Rxf4+ 43. Qxf4 Bxf4 44. Kxf4 Qxd3 45. Re8+ Kg7 46. Nf3 Qd6+ 47. Re5 b5 48. Nxh4 Qd2+ 49. Re3 Qf2+ 50. Nf3 Qxb2 51. h4 a5 52. h5 a4 53. Ne5 a3 54. Kg5 Qd2 55. Kf4 a2 0-1

[Event "AUS-ch Minor"]
[Site "Cammeray"]
[Date "2010.01.11"]
[Round "9"]
[White "Laurie, Robert"]
[Black "Guo, Jamie Lee"]
[Result "1-0"]
[WhiteElo "1335"]
[BlackElo "943"]
[PlyCount "55"]
[EventDate "2010.01.02"]
[EventType "swiss"]
[EventRounds "11"]
[EventCountry "AUS"]
[SourceTitle "EXT 2011"]
[Source "ChessBase"]
[SourceDate "2010.11.26"]
[SourceVersion "1"]
[SourceVersionDate "2010.11.26"]
[SourceQuality "1"]

1. Nf3 d6 2. g3 Nf6 3. Bg2 g6 4. d4 Bg7 5. c3 0-0 6. Nbd2 c6 7. e4 Be6 8. 0-0 Nbd7 9. Ng5 Nb6 10. Nxe6 fxe6 11. Qe2 Ne8 12. Nf3 Nc7 13. Bg5 h6 14. Bf4 g5 15. Be3 Qe8 16. e5 Qg6 17. Rae1 Rae8 18. Bc1 Nd7 19. h4 g4 20. Nh2 h5 21. Be4 Qf7 22. Nxg4 d5 23. Bc2 hxg4 24. Qxg4 Qf3 25. Qg6 Rf5 26. Bh6 Rf7 27. Qh7+ Kf8 28. Qh8# 1-0

[Event "AUS-ch Minor"]
[Site "Cammeray"]
[Date "2010.01.08"]
[Round "6"]
[White "Beahan, Patrick"]
[Black "Laurie, Robert"]
[Result "0-1"]
[WhiteElo "1210"]
[BlackElo "1335"]
[PlyCount "96"]
[EventDate "2010.01.02"]
[EventType "swiss"]
[EventRounds "11"]
[EventCountry "AUS"]
[SourceTitle "EXT 2011"]
[Source "ChessBase"]
[SourceDate "2010.11.26"]
[SourceVersion "1"]
[SourceVersionDate "2010.11.26"]
[SourceQuality "1"]

1. e4 e6 2. d4 d5 3. Nc3 Ne7 4. e5 Ng6 5. Nf3 c5 6. Be3 cxd4 7. Bxd4 a6 8. g3 Nc6 9. a3 Nxd4 10. Qxd4 Qc7 11. 0-0-0 Bc5 12. Qd2 0-0 13. Re1 b5 14. b4 Bb6 15. h4 d4 16. Ne4 Bb7 17. Bd3 Nxe5 18. Nxe5 Qxe5 19. Ng5 Qd5 20. Kb1 h6 21. Nh7 Qh5 22. g4 Qxg4 23. Reg1 Qf3 24. Qxh6 g6 25. Rxg6+ fxg6 26. Qxg6+ Kh8 27. Rf1 Qf7 28. Qh6 Qg7 29. Qxe6 Rae8 30. Qxb6 Rf4 31. h5 Be4 32. Bxe4 Rexe4 33. f3 Re5 34. Qb8+ Kxh7 35. h6 Rf8 36. Qd6 Qf6 37. Qd7+ Rf7 38. Qg4 Rg5 39. Qe4+ Kxh6 40. Rh1+ Rh5 41. Rg1 Re7 42. Qa8 Re2 43. f4 d3 44. c3 Rf2 45. Qa7 Rxf4 46. Qe3 Rg5 47. Rh1+ Kg6 48. Qxd3+ Qf5 0-1

[Event "AUS-ch Minor"]
[Site "Cammeray"]
[Date "2010.01.03"]
[Round "2"]
[White "Wall, Terence"]
[Black "Laurie, Robert"]
[Result "0-1"]
[WhiteElo "1464"]
[BlackElo "1335"]
[PlyCount "110"]
[EventDate "2010.01.02"]
[EventType "swiss"]
[EventRounds "11"]
[EventCountry "AUS"]
[SourceTitle "EXT 2011"]
[Source "ChessBase"]
[SourceDate "2010.11.26"]
[SourceVersion "1"]
[SourceVersionDate "2010.11.26"]
[SourceQuality "1"]

1. d4 Nf6 2. c4 d6 3. Nc3 g6 4. Qc2 Bg7 5. e3 0-0 6. Nf3 c5 7. d5 e6 8. dxe6 Bxe6 9. Be2 d5 10. cxd5 Nxd5 11. Nxd5 Qxd5 12. e4 Qc6 13. 0-0 Nd7 14. Ng5 Rfe8 15. Nxe6 Rxe6 16. f3 Rc8 17. Bc4 Rd6 18. Bf4 Bd4+ 19. Kh1 Ne5 20. Bd5 Qb6 21. Rab1 Rd7 22. Rfd1 Nc6 23. a3 Ne7 24. Bb3 Qf6 25. Bg3 b5 26. e5 Qc6 27. Bf2 Nf5 28. Qe2 Re8 29. f4 c4 30. Bc2 Bxf2 31. Qxf2 Ng7 32. Rxd7 Qxd7 33. Rd1 Qc7 34. h3 a6 35. Rd6 Re6 36. Qd2 Kf8 37. Be4 Ne8 38. Rd7 Qc8 39. Bb7 Qc5 40. Bxa6 Rxa6 41. Rd5 Qc6 42. Qb4+ Kg7 43. Rxb5 Qe4 44. Qd2 Nc7 45. Rb8 Ne6 46. Qd7 Nxf4 47. Qg4 Re6 48. Rb4 Rxe5 49. b3 Rh5 50. Kg1 Qe1+ 51. Kh2 Qf2 52. Rxc4 Rh4 53. Qg3 Rxh3+ 54. Qxh3 Nxh3 55. Kxh3 Qb2 0-1